| 000 | 03484nam a2200265 a 4500 | ||
|---|---|---|---|
| 001 | 000008394 | ||
| 005 | 20240302073956.0 | ||
| 008 | 090916s2003 dr b 000 0 spa d | ||
| 020 | _a9597006804 | ||
| 040 |
_aDO-SdBNP _bspa _cBNPHU |
||
| 082 | _a972.91 | ||
| 245 | 0 | 0 |
_aCorrespondencia José Martí-Máximo Gómez / _cedición, corrección y compilación Nadia García Estrada y Rafael Ramírez García. |
| 260 |
_aLa Habana : _bCentro de Estudios Martianos, _c2003. |
||
| 300 |
_a240 p. : _bmap. ; _c21 cm. |
||
| 500 | _aIncluye referencias y notas al pie de las páginas. | ||
| 505 | 0 | _aPrólogo -- Carta a Gómez [Guatemala,1877] -- Carta a Gómez [N. York, 20 de julio de 1882] -- Carta a Martí [San Pedro de Sula, Honduras, 8 de octubre de 1882] -- Carta a Gómez [N. York, 20 de octubre de 1884] -- Anotación a Gómez [N. York, 22 de octubre de 1884] -- Circular de Martí [N. York, 16 de diciembre de 1887] -- Carta de Gómez a la Cominisión de Nueva York [Panamá, 25 de enero de 1888] -- Carta a Gómez [Santiago de los Caballeros, República Dominicana, 13 de septiembre de 1892] -- Carta a Martí [Santiago de los Caballeros, República Dominicana, 15 de septiembre de 1892] -- Carta a Gómez [Santo Domingo, 19 de septiembre de 1892] -- Carta a Gómez [Key West, 6 de mayo de 1893] -- Carta a Gómez [Cabo Haitiano, 6 de mayo de 1893] -- Carta a Gómez [N. York, 30 de agosto de 1893] -- Carta a Gómez [Montecristi, República Dominicana, 18 de septiembre de 1893] -- Carta a Gómez [N. York, 10 de noviembre de 1893] -- Carta a Gómez [N. York, 23 de noviembre de 1893] -- Carta a Gómez [N. York, 4 de enero de 1893 [1894]] -- Carta a Gómez [N. York, 01 de febrero de 1894] -- Carta a Gómez [N. York, (20) 21 de febrero de 1894] -- Carta a Gómez [N. York, 3 de marzo de 1894] -- Carta a Gómez [N. York, 24 de marzo de 1894] -- Carta a Martí [N. York, 17 de abril de 1894] -- Patria [N. York, 17 de abril de 1894] -- Carta a Gómez [N. York, 17 de abril de 1894] -- Carta a Gómez [N. York, 12 de mayo de 1894] -- Carta a Gómez [New Orleans, 31 de mayo de 1894] -- Carta a Gómez [Kingston, Jamaica, 25 de junio de 1894] -- Carta a Gómez [New Orleans,15 de julio de 1894] -- Carta a Gómez [N. York, 30 de agosto de 1894] -- | |
| 505 | 0 | _aCarta a Gómez [Central Valey, 8 de septiembre de 1894] -- Carta a Martí [Montecristi, 25 de septiembre de 1894] -- Carta a Gómez [N. York, 20 de octubre de 1894] -- Carta a Gómez [N. York, 3 de novuembre de 1894] -- Carta a Martí de Serafín Sánchez [N. York, 13 de noviembre de 1894] -- Carta a Gómez [N. York, 8 de diciembre de 1894] -- Carta a Gómez [N. York, 19 de enero de 1895] -- Carta a Martí [Montecristi, 2 de febrero de 1895] -- Carta a Gómez [Dajabón, Santo Domingo,1 de marzo de 1895] -- Carta a Martí [Montecristi,4 de marzo de 1895] -- Carta a Gómez [Montecristi,11 de marzo de 1895] -- Carta a Martí [Jurisdicción de Guantánamo,16 de mayo de 1895] -- Cartas a Gómez [Dos Ríos, 19 de mayo de 1895] -- Comentarios de José Martí sobre Máximo Gómez -- Comentarios de Máximo Gómez sobre José Martí -- Cablegramas -- Anexos. | |
| 600 | 1 | 4 |
_aMARTÍ, JOSÉ _d1853-1895 _vCORRESPONDENCIA _920705 |
| 600 | 1 | 0 |
_aGómez, Máximo, _d1836-1905 _912249 |
| 650 | 4 |
_aRevolucionarios _zCuba _xCorrespondencia _922632 |
|
| 651 | 4 |
_aCuba _xHistoria _y1878-1895 _916132 |
|
| 700 | 1 |
_aGarcía Estrada, Nadia, _eed. _922633 |
|
| 700 | 1 |
_aRamírez García, Rafael, _ecomp., _erev. _922634 |
|
| 049 | _aBNPD | ||
| 999 |
_c8165 _d8165 |
||